Study Guide for use with Macroeconomics (Record no. 5675)

MARC details
005 - DATE AND TIME OF LATEST TRANSACTION
control field 20250627141432.0
020 ## - INTERNATIONAL STANDARD BOOK NUMBER
International Standard Book Number 978-0-07-327320-4
082 ## - DEWEY DECIMAL CLASSIFICATION NUMBER
Classification number 330 McC
100 ## - MAIN ENTRY--PERSONAL NAME
Author name McConnell, R .C
245 ## - TITLE STATEMENT
Title Study Guide for use with Macroeconomics
250 ## - EDITION STATEMENT
Edition statement 17th Ed.
260 ## - PUBLICATION, DISTRIBUTION, ETC.
Place of publication, distribution, etc. Boston
Name of publisher, distributor, etc. McGraw-Hill Irwin
Date of publication, distribution, etc. 2008.
300 ## - PHYSICAL DESCRIPTION
Extent vii,258p.: ill.; figures
Other physical details Index
Dimensions 27cm
700 ## - ADDED ENTRY--PERSONAL NAME
Other authors/Editors Stanley L. Brue
700 ## - ADDED ENTRY--PERSONAL NAME
Other authors/Editors William B. Walstad
942 ## - ADDED ENTRY ELEMENTS (KOHA)
Source of classification or shelving scheme Dewey Decimal Classification
Koha item type Books
Holdings
Date last seen Total checkouts Full call number Barcode Price effective from Koha item type Lost status Source of classification or shelving scheme Damaged status Not for loan Withdrawn status Home library Current library Shelving location Date acquired Source of acquisition
06/27/2025   330 McC MZA0002454 06/27/2025 Books   Dewey Decimal Classification       CBE Mwanza CBE Mwanza General Collection 07/17/2017 Library Budget
06/27/2025   330 McC MZA0002455 06/27/2025 Books   Dewey Decimal Classification       CBE Mwanza CBE Mwanza General Collection 07/17/2017 Library Budget
06/27/2025   330 McC MZA0002456 06/27/2025 Books   Dewey Decimal Classification       CBE Mwanza CBE Mwanza General Collection 07/17/2017 Library Budget
06/27/2025   330 McC MZA0002457 06/27/2025 Books   Dewey Decimal Classification       CBE Mwanza CBE Mwanza General Collection 07/17/2017 Library Budget
06/27/2025   330 McC MZA0002458 06/27/2025 Books   Dewey Decimal Classification       CBE Mwanza CBE Mwanza General Collection 07/17/2017 Library Budget
06/27/2025   330 McC MZA0002459 06/27/2025 Books   Dewey Decimal Classification       CBE Mwanza CBE Mwanza General Collection 07/17/2017 Library Budget
06/27/2025   330 McC MZA0002460 06/27/2025 Books   Dewey Decimal Classification       CBE Mwanza CBE Mwanza General Collection 07/17/2017 Library Budget
06/27/2025   330 McC MZA0002461 06/27/2025 Books   Dewey Decimal Classification       CBE Mwanza CBE Mwanza General Collection 07/17/2017 Library Budget
06/27/2025   330 McC MZA0002462 06/27/2025 Books   Dewey Decimal Classification       CBE Mwanza CBE Mwanza General Collection 07/17/2017 Library Budget
06/27/2025   330 McC MZA0002463 06/27/2025 Books   Dewey Decimal Classification       CBE Mwanza CBE Mwanza General Collection 07/17/2017 Library Budget